000 00290nam a2200121Ia 4500
008 191201s2012 xx 000 0 und d
100 _aGRANT, Eugene L.
245 0 _aStatistical Quality Control
260 _aN. Delhi
_bTMH
_c2012
300 _a764
650 _aB.Tech(ME)
942 _2ddc
_cBK
999 _c6141
_d6141